| 000 | 00793nam0a22002291 4500 | ||
|---|---|---|---|
| 001 | rc\452313 | ||
| 005 | 20030616171612.7 | ||
| 035 | _a(NLR Aleph) 005697207 | ||
| 090 |
_a7239006 _c7239006 |
||
| 100 | _a20030616d1988 u |0rusy50 ca | ||
| 101 | 0 | _arus | |
| 102 | _aRU | ||
| 105 | _ay ||||||||| | ||
| 200 | 1 |
_aМетодические указания к учебному кинофильму "Произношение гласных "ы" и "и" _fРесп. науч.-метод. центр М-ва нар. образования ГССР |
|
| 210 |
_aТбилиси _cИзд-во Тбил. ун-та _d1988 |
||
| 215 |
_a13 с. _d20 |
||
| 700 | 1 |
_aЧхенкели _bЛ. В. |
|
| 801 | 0 |
_aRU _bNLR _gpsbo |
|
| 801 | 1 |
_aRU _bELAR _2rusmarc |
|
| 852 |
_aNLR _j89-4/12131 |
||
| 942 | _cBOOK | ||
| 980 | _aNB | ||